000 01587cam a2200241 4500
001 X128222
008 041207n2004 000 0 eng u
035 _a(Sirsi) u128222
100 _aHardt, G.
245 _aHousing subsidies in Sweden
260 _c2004
490 _aGlobal Tenant: International Union of Tenants' Quarterly Magazine
_v October 2004, 10-11(2)
520 _aLooks at the housing subsidy system in Sweden, which it is claimed, is unfair to the rental sector, ineffective as to income distribution and has involved increasingly less public participation over the years. The housing sector pays out more today in taxes than it receives in subsidies, which are predominantly comprised of tax deductions applying only to owner-occupiers and housing allowances payable to pensioners and households with children or with applicants 18-29 years of age. Describes also interest subsidies paid to new construction and renovation projects, investment grants aimed at facilitating new construction in areas of housing shortage, credit guarantees given to projects that have been granted interest subsidies. Subsidies in Sweden have become less general and more selective/income related. Charts display subsidies and taxes in 1991 and 2004 and an overview of subsidies.
590 _aABS
650 _aHOUSING ALLOWANCE
650 _aINTEREST SUBSIDIES
650 _aCREDIT GUARANTEES
650 _aTAX DEDUCTIONS
650 _aINVESTMENT GRANTS
650 _aHOUSING SUBSIDIES
690 _aPROPERTY-RESIDENTIAL PROPERTY-RESIDENTIAL PROPERTY MARKET
942 _n0
999 _c74653
_d74653